00269nam a2200109Ia 4500008004100000020001400041245004400055260000900099260002400108260001000132300001700142191206s9999 xx 000 0 und d a224617257 0aTwenty love poems and a song of despair aCape b"Cape editions, 38" cc1969 a69 p. 19 cm.